[Event "IX Festival A"]
[Site "Montecatini Terme ITA"]
[Date "2000.08.04"]
[Round "7"]
[White "Lanzani, Mario"]
[Black "Iotti, Pierluigi"]
[Result "1/2-1/2"]
[WhiteElo "2419"]
[BlackElo "2294"]
[PlyCount "104"]
[EventDate "2000.07.29"]

1. e4 e6 2. d4 d5 3. Nc3 Bb4 4. e5 c5 5. a3 Bxc3+ 6. bxc3 Qc7 7. Nf3 b6 8. Bb5+
Bd7 9. Bd3 Ba4 10. Kf1 c4 11. Be2 Nc6 12. h4 O-O-O 13. h5 h6 14. Bf4 Nge7 15.
Qd2 Qd7 16. g4 Qe8 17. Kg2 Qg8 18. Rag1 Qh7 19. Bd1 Rdf8 20. Qe2 Qe4 21. Qxe4
dxe4 22. Nd2 Nd5 23. Be3 Nxc3 24. Nxc4 Kd7 25. Nb2 Nxd1 26. Nxa4 Nxe3+ 27. fxe3
Na5 28. Nc3 Rc8 29. Nxe4 Rxc2+ 30. Kf3 Nc4 31. g5 Ra2 32. gxh6 gxh6 33. Rg7 Ke7
34. Rhg1 Rxa3 35. Rg8 Rxg8 36. Rxg8 Nxe3 37. Kf2 Nd5 38. Nd6 Nf4 39. Rb8 Nxh5
40. Rb7+ Kf8 41. Rxf7+ Kg8 42. d5 Ng7 43. dxe6 Nxe6 44. Rf6 Ng7 45. e6 Ra5 46.
e7 Re5 47. Rf8+ Kh7 48. e8=Q Nxe8 49. Nxe8 Kg6 50. Nd6 Rd5 51. Ne8 Rd7 52. Rf3
Rf7 1/2-1/2

[Event "IX Festival A"]
[Site "Montecatini Terme ITA"]
[Date "2000.08.04"]
[Round "7"]
[White "Lo Curto, Emanuele"]
[Black "Friedrich, Norbert"]
[Result "1/2-1/2"]
[WhiteElo "2132"]
[BlackElo "2239"]
[PlyCount "137"]
[EventDate "2000.07.29"]

1. e4 c5 2. Nf3 Nc6 3. d4 cxd4 4. Nxd4 Nf6 5. Nc3 e5 6. Ndb5 d6 7. Bg5 a6 8.
Na3 b5 9. Nd5 Be7 10. Bxf6 Bxf6 11. Be2 Bg5 12. c3 O-O 13. O-O Ne7 14. Nxe7+
Qxe7 15. Nc2 Bb7 16. Qd3 a5 17. Ne3 Bxe3 18. Qxe3 Bc6 19. Rfe1 Qb7 20. f3 g6
21. Rad1 Rad8 22. Rd2 f5 23. Bd3 Kh8 24. Bc2 Rd7 25. Bb3 fxe4 26. fxe4 Rf4 27.
Bd5 Kg7 28. Red1 Qc7 29. Bxc6 Qxc6 30. Rd5 Rdf7 31. h3 Qc4 32. b3 Qxe4 33. Qxe4
Rxe4 34. Rxd6 Re2 35. R1d2 Rff2 36. Rxe2 Rxe2 37. Rb6 Rxa2 38. Rxb5 Kf6 39. Kh2
Rc2 40. Rxa5 Rxc3 41. Rb5 Kf5 42. b4 Kf4 43. Rb8 Rb3 44. b5 h5 45. b6 h4 46. b7
Ke4 47. Kg1 Rb2 48. Kh2 Rb1 49. Rh8 Rxb7 50. Rxh4+ Ke3 51. Rg4 Rb6 52. Ra4 Rd6
53. Ra8 e4 54. Kg3 Ke2 55. Re8 e3 56. Kf4 Rd4+ 57. Kg5 Kd3 58. Kxg6 e2 59. Kf5
Rd5+ 60. Kf4 Kd2 61. g4 Rd4+ 62. Kf5 Rd5+ 63. Kg6 Rd3 64. Rxe2+ Kxe2 65. Kf6
Rxh3 66. g5 Kf3 67. g6 Ke4 68. g7 Rg3 69. Kf7 1/2-1/2

[Event "IX Festival A"]
[Site "Montecatini Terme ITA"]
[Date "2000.08.04"]
[Round "7"]
[White "Menoni, Vincenzo"]
[Black "Voltolini, Giuseppe"]
[Result "1/2-1/2"]
[WhiteElo "2240"]
[BlackElo "2279"]
[PlyCount "103"]
[EventDate "2000.07.29"]

1. e4 c6 2. d4 d5 3. e5 c5 4. dxc5 e6 5. Be3 Qc7 6. Nf3 Bxc5 7. Bxc5 Qxc5 8. c3
Nc6 9. Bd3 Nge7 10. O-O Qb6 11. Qe2 a6 12. Re1 Bd7 13. b4 Rc8 14. Nbd2 Ng6 15.
g3 O-O 16. h4 f6 17. exf6 gxf6 18. Bxg6 hxg6 19. Nb3 Rce8 20. Nc5 Bc8 21. h5
Qc7 22. hxg6 Kg7 23. Nh4 Rh8 24. Rad1 a5 25. a3 b6 26. Nd3 e5 27. Nb2 Ne7 28.
Qe3 Rh6 29. Na4 b5 30. Qc5 Qxc5 31. Nxc5 Nxg6 32. Nxg6 Kxg6 33. Kg2 Reh8 34.
Kf3 axb4 35. axb4 Rd8 36. Rd2 Rh5 37. Ke3 d4+ 38. cxd4 exd4+ 39. Rxd4 Re5+ 40.
Re4 Rde8 41. Rxe5 Rxe5+ 42. Kd2 Rxe1 43. Kxe1 Kf5 44. Kd2 Ke5 45. Kc3 Kd5 46.
f3 Bh3 47. Nd3 Bd7 48. Nf4+ Ke5 49. Ne2 Be8 50. Nd4 Kd5 51. Ne2 Ke5 52. g4
1/2-1/2

[Event "IX Festival A"]
[Site "Montecatini Terme ITA"]
[Date "2000.08.04"]
[Round "7"]
[White "Nannelli, Paolo"]
[Black "Mariano, Elia"]
[Result "1-0"]
[WhiteElo "2217"]
[BlackElo "2093"]
[PlyCount "95"]
[EventDate "2000.07.29"]

1. Nf3 Nf6 2. g3 b6 3. Bg2 Bb7 4. O-O e6 5. c4 Be7 6. b3 O-O 7. Bb2 c5 8. e3 d5
9. Nc3 Nc6 10. cxd5 Nxd5 11. Nxd5 Qxd5 12. d4 Rad8 13. Ne5 Qd6 14. Nxc6 Bxc6
15. Qg4 cxd4 16. Bxc6 Qxc6 17. Bxd4 g6 18. Rac1 Qd6 19. Rfd1 Rc8 20. Rxc8 Rxc8
21. Bb2 Qc7 22. Qd4 f6 23. Qd7 Qxd7 24. Rxd7 Kf8 25. Rxa7 e5 26. g4 Rc2 27. Ba3
Bxa3 28. Rxa3 b5 29. Ra7 Kg8 30. Kg2 b4 31. h4 h6 32. h5 gxh5 33. gxh5 f5 34.
Kg3 f4+ 35. exf4 exf4+ 36. Kf3 Rb2 37. Rb7 Rxa2 38. Rxb4 Ra5 39. Kg4 Rg5+ 40.
Kh4 Rf5 41. Rb7 Rg5 42. Rb4 Rf5 43. Rb6 Kh7 44. b4 Rd5 45. Rb7+ Kg8 46. b5 Rg5
47. b6 f3 48. Rc7 1-0

[Event "IX Festival A"]
[Site "Montecatini Terme ITA"]
[Date "2000.08.04"]
[Round "7"]
[White "Nelli, Luca"]
[Black "Gorelli Fagiolini, Marco"]
[Result "0-1"]
[WhiteElo "2279"]
[BlackElo "2203"]
[PlyCount "54"]
[EventDate "2000.07.29"]

1. c4 e6 2. Nf3 Nf6 3. b3 d5 4. Bb2 Be7 5. g3 O-O 6. Bg2 b6 7. O-O Bb7 8. cxd5
exd5 9. d3 c5 10. Nbd2 Nc6 11. Ne5 Nxe5 12. Bxe5 Qd7 13. Bb2 d4 14. Bxb7 Qxb7
15. b4 Rfe8 16. bxc5 bxc5 17. Qb3 Qd7 18. Rfe1 Rab8 19. Qc2 Qh3 20. Nf1 Ng4 21.
f3 Nxh2 22. Nxh2 Qxg3+ 23. Kh1 Bd6 24. Ng4 h5 25. Nh6+ Kh7 26. e4 Qh3+ 27. Kg1
gxh6 0-1

[Event "IX Festival A"]
[Site "Montecatini Terme ITA"]
[Date "2000.08.04"]
[Round "7"]
[White "Ortega, Lexy"]
[Black "Farago, Ivan"]
[Result "1-0"]
[WhiteElo "2491"]
[BlackElo "2486"]
[PlyCount "79"]
[EventDate "2000.07.29"]

1. d4 Nf6 2. Nf3 e6 3. Bf4 c5 4. e3 b6 5. Nc3 cxd4 6. Nb5 d6 7. Qxd4 Nd5 8.
Nxd6+ Bxd6 9. Qxg7 Kd7 10. Bxd6 Kxd6 11. e4 Rg8 12. Qxf7 Rf8 13. Qh5 Qe8 14.
Qe5+ Kc6 15. exd5+ exd5 16. Qxe8+ Rxe8+ 17. Kd2 Bg4 18. Nd4+ Kc5 19. c3 Bd7 20.
Bd3 Rf8 21. f3 Rf7 22. Rae1 a6 23. Re5 Nc6 24. Nxc6 Kxc6 25. Rhe1 Rg8 26. R1e2
Kd6 27. Rh5 Bb5 28. Rh6+ Kc7 29. Rxh7 Rxh7 30. Bxh7 Rh8 31. Bd3 Bxd3 32. Kxd3
Rxh2 33. g4 Rh3 34. Ke3 Kd6 35. Kf4 Rh8 36. g5 Rf8+ 37. Kg4 Rg8 38. f4 b5 39.
f5 a5 40. f6 1-0

[Event "IX Festival A"]
[Site "Montecatini Terme ITA"]
[Date "2000.08.04"]
[Round "7"]
[White "Skembris, Spyridon"]
[Black "Pantaleoni, Claudio"]
[Result "1-0"]
[WhiteElo "2475"]
[BlackElo "2201"]
[PlyCount "69"]
[EventDate "2000.07.29"]

1. d4 e6 2. Nf3 c5 3. e4 cxd4 4. Nxd4 a6 5. Bd3 Nf6 6. O-O Qc7 7. c4 Nc6 8.
Nxc6 dxc6 9. Be3 e5 10. h3 Nd7 11. Nc3 Bc5 12. Qg4 Kf8 13. Qg3 h5 14. Na4 h4
15. Qf3 Bxe3 16. Qxe3 Rh6 17. c5 Rg6 18. Be2 Kg8 19. Rad1 Nf8 20. Nb6 Rb8 21.
Bc4 Rf6 22. Rd2 Qe7 23. Rfd1 Be6 24. Bxe6 Rxe6 25. Nd7 Nxd7 26. Rxd7 Qf6 27.
Qb3 Qg5 28. Rxb7 Rxb7 29. Qxb7 Qf4 30. Qc8+ Kh7 31. Qxa6 f5 32. exf5 Qxf5 33.
Qe2 Rg6 34. Re1 Qg5 35. Qe4 1-0

[Event "IX Festival A"]
[Site "Montecatini Terme ITA"]
[Date "2000.08.04"]
[Round "7"]
[White "Tischbierek, Raj"]
[Black "Sax, Gyula"]
[Result "1/2-1/2"]
[WhiteElo "2521"]
[BlackElo "2563"]
[PlyCount "58"]
[EventDate "2000.07.29"]

1. g3 d5 2. Bg2 e5 3. d3 Nc6 4. Nf3 Bg4 5. a3 Qd7 6. b4 Bh3 7. Bxh3 Qxh3 8. b5
Nd4 9. Nxd4 exd4 10. Bb2 Qg2 11. Rf1 Qxh2 12. Nd2 Qh3 13. Bxd4 Qd7 14. Qb1 Ne7
15. Qb2 Nf5 16. Rh1 f6 17. a4 a6 18. Kf1 axb5 19. axb5 Rxa1+ 20. Qxa1 Kf7 21.
Nf3 Qxb5 22. Rh5 Qd7 23. g4 Nxd4 24. Qxd4 c6 25. Rf5 Kg8 26. e4 h5 27. gxh5 Qe8
28. exd5 Rxh5 29. Qg4 Rxf5 1/2-1/2

[Event "IX Festival A"]
[Site "Montecatini Terme ITA"]
[Date "2000.08.04"]
[Round "7"]
[White "Tjiam, Dharma"]
[Black "Vezzosi, Paolo"]
[Result "0-1"]
[WhiteElo "2333"]
[BlackElo "2421"]
[PlyCount "82"]
[EventDate "2000.07.29"]

1. d4 Nf6 2. c4 e6 3. Nf3 b6 4. Nc3 Bb7 5. a3 Ne4 6. Qc2 Nxc3 7. Qxc3 Be7 8. e3
Be4 9. Be2 a5 10. O-O O-O 11. Nd2 Bg6 12. b3 d5 13. Bb2 c6 14. b4 Nd7 15. Nf3
Ra7 16. Rfc1 Qb8 17. h3 Rc8 18. Qd2 Qb7 19. Bc3 axb4 20. axb4 Rca8 21. Qb2 h6
22. b5 Ba3 23. Rxa3 Rxa3 24. cxd5 cxd5 25. Bf1 Ra2 26. Qb3 Nf6 27. Ne5 Ne4 28.
Bb2 Nd2 29. Qb4 Nxf1 30. Kxf1 Rc8 31. Rc6 Kh7 32. Qb3 Raa8 33. Kg1 Rxc6 34.
bxc6 Qc7 35. Ba3 h5 36. e4 Bxe4 37. Qb4 f6 38. Nd7 Qxc6 39. Qe7 Kg6 40. Bd6
Qc1+ 41. Kh2 Qg5 0-1

[Event "IX Festival A"]
[Site "Montecatini Terme ITA"]
[Date "2000.08.04"]
[Round "7"]
[White "Tocchioni, Doriano"]
[Black "Borgo, Giulio"]
[Result "0-1"]
[WhiteElo "2250"]
[BlackElo "2391"]
[PlyCount "113"]
[EventDate "2000.07.29"]

1. d4 d5 2. c4 e6 3. Nc3 Nf6 4. Nf3 c6 5. Bg5 Nbd7 6. e3 Qa5 7. Nd2 Bb4 8. Qc2
O-O 9. Be2 e5 10. O-O exd4 11. exd4 dxc4 12. Bxf6 Nxf6 13. Nxc4 Qc7 14. Rad1
Be6 15. Ne3 Rfd8 16. g3 Qa5 17. Rd2 Nd5 18. Nc4 Qc7 19. a3 Nxc3 20. bxc3 Be7
21. Qb2 c5 22. Ne3 cxd4 23. cxd4 Qa5 24. d5 Bh3 25. Rfd1 Bxa3 26. Qxb7 Rab8 27.
Qa6 Qxa6 28. Bxa6 Rb2 29. Rxb2 Bxb2 30. Bf1 Bd7 31. Ba6 Rb8 32. Rb1 Be5 33.
Rxb8+ Bxb8 34. Nc4 Kf8 35. Kg2 Ke7 36. Kf3 Bc7 37. Ke4 Bb6 38. f3 h5 39. Nxb6
axb6 40. Bc4 Kd6 41. Kd4 Ba4 42. f4 Bd1 43. Bb5 Bb3 44. Bc6 Ba2 45. Bb7 b5 46.
Ba8 b4 47. Bc6 Bb3 48. Bb7 Bd1 49. Ba6 Bb3 50. Bb7 f6 51. Bc6 Bd1 52. Bb5 b3
53. Kc3 Kxd5 54. Bd3 h4 55. g4 Bc2 56. Be2 Ke4 57. f5 0-1

[Event "IX Festival A"]
[Site "Montecatini Terme ITA"]
[Date "2000.08.04"]
[Round "7"]
[White "Trabert, Bettina"]
[Black "Facchetti, Gianni"]
[Result "1-0"]
[WhiteElo "2259"]
[BlackElo "2154"]
[PlyCount "55"]
[EventDate "2000.07.29"]

1. e4 e5 2. Nf3 Nc6 3. d4 exd4 4. Nxd4 Bc5 5. Be3 Qf6 6. c3 Nge7 7. Bc4 Ne5 8.
Be2 d5 9. O-O Qg6 10. Bh5 Qxe4 11. Nd2 Qd3 12. N4f3 Bd6 13. Nxe5 Bxe5 14. Bc5
Bf6 15. Re1 g6 16. Bf3 Be6 17. Qa4+ Nc6 18. Rad1 Qf5 19. Bg4 Qg5 20. Nf3 Qh6
21. Bxe6 fxe6 22. Rxe6+ Kf7 23. Ree1 Rhe8 24. Qb5 Rxe1+ 25. Rxe1 Rd8 26. Qxb7
Ne5 27. Qxc7+ Ke6 28. Nd4# 1-0

[Event "IX Festival A"]
[Site "Montecatini Terme ITA"]
[Date "2000.08.04"]
[Round "7"]
[White "Wall, Gavin"]
[Black "Wustefeld, Carl"]
[Result "0-1"]
[WhiteElo "2384"]
[BlackElo "2214"]
[PlyCount "80"]
[EventDate "2000.07.29"]

1. e4 d6 2. d4 Nf6 3. Nc3 g6 4. h4 Bg7 5. Be2 c5 6. dxc5 Qa5 7. Kf1 Qxc5 8. Be3
Qa5 9. h5 gxh5 10. f3 Nc6 11. a3 Be6 12. Nh3 Ne5 13. Nf4 Nc4 14. Bxc4 Bxc4+ 15.
Kf2 Rc8 16. Qd2 a6 17. Rad1 Be6 18. Nce2 Qe5 19. Nd4 Bg4 20. Nd3 Nxe4+ 21. fxe4
Qxe4 22. Nf3 Bxb2 23. c4 Bf6 24. c5 d5 25. Qb4 d4 26. Bf4 Rg8 27. Qb6 Rg6 28.
Qb3 Be6 29. Qa4+ Bd7 30. Qc2 Rg4 31. Rde1 Qg6 32. g3 h4 33. Reg1 Bb5 34. Nde1
d3 35. Qd2 Rxc5 36. gxh4 h5 37. Qe3 Qf5 38. Rxg4 hxg4 39. Nd4 Qd5 40. Nxb5 Rxb5
0-1

[Event "IX Festival A"]
[Site "Montecatini Terme ITA"]
[Date "2000.08.06"]
[Round "9"]
[White "Basciu, Simone"]
[Black "Friedrich, Norbert"]
[Result "1/2-1/2"]
[WhiteElo "2147"]
[BlackElo "2239"]
[PlyCount "53"]
[EventDate "2000.07.29"]

1. d4 d5 2. Nf3 Nf6 3. c4 c6 4. Qb3 e6 5. Nc3 dxc4 6. Qxc4 b5 7. Qd3 Be7 8. g3
Bb7 9. Bg2 Nbd7 10. O-O a6 11. Rd1 O-O 12. Bf4 Qb6 13. Ne5 Rad8 14. Qf3 Nxe5
15. dxe5 Nd5 16. Nxd5 Rxd5 17. Rdc1 Rfd8 18. Qh5 R5d7 19. Be4 g6 20. Qh6 c5 21.
Bc2 c4 22. h4 Bc5 23. Rf1 Qc6 24. e4 Rd3 25. Bxd3 cxd3 26. Rae1 Rd4 27. Qg5
1/2-1/2

[Event "IX Festival A"]
[Site "Montecatini Terme ITA"]
[Date "2000.08.06"]
[Round "9"]
[White "Bontempi, Piero"]
[Black "Vezzosi, Paolo"]
[Result "0-1"]
[WhiteElo "2273"]
[BlackElo "2421"]
[PlyCount "88"]
[EventDate "2000.07.29"]

1. e4 e6 2. d4 d5 3. Nc3 Bb4 4. Bd3 dxe4 5. Bxe4 Nf6 6. Bd3 c5 7. a3 Ba5 8.
dxc5 Bxc3+ 9. bxc3 Qa5 10. Ne2 Nbd7 11. a4 Nxc5 12. Bb5+ Bd7 13. Qd4 Rc8 14.
Ba3 Bxb5 15. axb5 Qxb5 16. Bxc5 Rxc5 17. O-O O-O 18. Rfb1 Qc6 19. Rxa7 Rb5 20.
Rba1 e5 21. Qd3 Qb6 22. h3 g6 23. c4 Rb1+ 24. Rxb1 Qxb1+ 25. Kh2 Qb6 26. Ra1
Qxf2 27. Rb1 e4 28. Qd1 b6 29. Ng3 Qc5 30. Rb5 Qxc4 31. Rxb6 Nd5 32. Rd6 Nc3
33. Qd2 Qc5 34. Qf4 e3 35. Rd3 Re8 36. Rd7 Qf8 37. Qf1 e2 38. Qe1 Qc5 39. Rd3
Re3 40. Rd8+ Kg7 41. Rd3 h5 42. Rxe3 Qxe3 43. Nh1 Ne4 44. c4 Qd2 0-1

[Event "IX Festival A"]
[Site "Montecatini Terme ITA"]
[Date "2000.08.06"]
[Round "9"]
[White "De Gleria, Francesco"]
[Black "Borgo, Giulio"]
[Result "0-1"]
[WhiteElo "2446"]
[BlackElo "2391"]
[PlyCount "72"]
[EventDate "2000.07.29"]

1. e4 c5 2. Nf3 d6 3. d4 Nf6 4. Nc3 cxd4 5. Qxd4 a6 6. e5 Nc6 7. Qa4 Ng4 8. Bf4
Ngxe5 9. Nxe5 dxe5 10. Bxe5 e6 11. Nb5 Bb4+ 12. c3 O-O 13. Bg3 axb5 14. Qxa8
Qd4 15. Bxb5 Bxc3+ 16. Kf1 Bxb2 17. Rb1 Na7 18. Be2 e5 19. Rd1 Qb6 20. Qb8 Nc6
21. Qd6 Rd8 22. Bxe5 Bxe5 23. Qa3 Bd4 24. Qg3 Re8 25. h4 Qb2 26. Bc4 b5 27. Bd3
Bf5 28. Bxf5 Qe2+ 29. Kg1 Qxd1+ 30. Kh2 Qd2 31. Qf3 Ne5 32. Qe4 h5 33. Kh3 g6
34. Bd7 Rd8 35. Bxb5 Ng4 36. Qe7 Bf6 0-1

[Event "IX Festival A"]
[Site "Montecatini Terme ITA"]
[Date "2000.08.06"]
[Round "9"]
[White "De Haan, Eric"]
[Black "Gorelli Fagiolini, Marco"]
[Result "0-1"]
[WhiteElo "2291"]
[BlackElo "2203"]
[PlyCount "94"]
[EventDate "2000.07.29"]

1. d4 e6 2. c4 Nf6 3. Nf3 d5 4. Bg5 Be7 5. Nc3 O-O 6. e3 h6 7. Bxf6 Bxf6 8. Qc2
c6 9. O-O-O Qa5 10. h4 g6 11. g4 Bg7 12. Ne5 c5 13. f4 cxd4 14. exd4 Nc6 15. c5
Nxe5 16. fxe5 b6 17. c6 Ba6 18. Kb1 Bxf1 19. Rhxf1 Rac8 20. Ne2 Rc7 21. Rf3
Rfc8 22. Rc3 Qb5 23. Rc1 Qb4 24. g5 hxg5 25. hxg5 Qe7 26. Qd2 Qe8 27. Qc2 Qd8
28. b4 b5 29. Qd3 a6 30. a4 Rb8 31. axb5 Rxb5 32. Rb3 Qxg5 33. Nc3 Rxc6 34. Rc2
Rb8 35. Na4 Rxc2 36. Kxc2 Qg2+ 37. Kb1 Qg1+ 38. Ka2 Qe1 39. Qxa6 Qd2+ 40. Ka3
Qxd4 41. b5 Bxe5 42. Rc3 g5 43. b6 g4 44. b7 g3 45. Qa5 g2 46. Rc8+ Kg7 47. Qd8
Qa1+ 0-1

[Event "IX Festival A"]
[Site "Montecatini Terme ITA"]
[Date "2000.08.06"]
[Round "9"]
[White "Della Pietra, Andrea"]
[Black "Menoni, Vincenzo"]
[Result "1/2-1/2"]
[WhiteElo "2153"]
[BlackElo "2240"]
[PlyCount "58"]
[EventDate "2000.07.29"]

1. d4 Nf6 2. c4 g6 3. Nc3 Bg7 4. e4 d6 5. Nge2 O-O 6. Ng3 c5 7. d5 e6 8. Be2
exd5 9. exd5 Ne8 10. Bf4 f5 11. Qd2 Nd7 12. Bh6 Qh4 13. Bxg7 Kxg7 14. f4 Ndf6
15. O-O Bd7 16. Rab1 Nc7 17. a3 a5 18. b4 axb4 19. axb4 Na6 20. bxc5 Nxc5 21.
Qb2 Rfe8 22. Rf3 Kf7 23. Qd2 Qh6 24. Qd4 Qf8 25. Bd3 Qe7 26. h3 Ra3 27. Bc2 Ra6
28. Kf2 Ra3 29. Kg1 Ra6 1/2-1/2

[Event "IX Festival A"]
[Site "Montecatini Terme ITA"]
[Date "2000.08.06"]
[Round "9"]
[White "Dervishi, Erald"]
[Black "Sax, Gyula"]
[Result "1/2-1/2"]
[WhiteElo "2478"]
[BlackElo "2563"]
[PlyCount "51"]
[EventDate "2000.07.29"]

1. e4 c5 2. Nf3 e6 3. d4 cxd4 4. Nxd4 Nf6 5. Nc3 d6 6. Be2 a6 7. a4 Nc6 8. O-O
Be7 9. Be3 Qc7 10. f4 O-O 11. Kh1 Re8 12. Bf3 Na5 13. Bg1 e5 14. Nde2 exf4 15.
Nxf4 Be6 16. Ncd5 Bxd5 17. exd5 Nc4 18. b3 Ne5 19. a5 Nxf3 20. gxf3 Qc8 21. c4
Qf5 22. Qd2 Nd7 23. Ne2 Bg5 24. Nd4 Qg6 25. Qg2 Nc5 26. Rad1 1/2-1/2

[Event "IX Festival A"]
[Site "Montecatini Terme ITA"]
[Date "2000.08.06"]
[Round "9"]
[White "Dittmar, Peter"]
[Black "Iotti, Pierluigi"]
[Result "1-0"]
[WhiteElo "2364"]
[BlackElo "2294"]
[PlyCount "53"]
[EventDate "2000.07.29"]

1. c4 e6 2. Nc3 c5 3. Nf3 b6 4. e3 Nf6 5. d4 cxd4 6. exd4 Bb7 7. Bd3 Be7 8. O-O
O-O 9. d5 Bb4 10. Bg5 Bxc3 11. bxc3 h6 12. Bh4 exd5 13. cxd5 Bxd5 14. Nd4 Nc6
15. Nf5 Ne5 16. Re1 Ng6 17. Ne7+ Nxe7 18. Bxf6 gxf6 19. Qg4+ Kh8 20. Rxe7 Be6
21. Qh5 f5 22. Qxh6+ Kg8 23. Qg5+ Kh7 24. Bxf5+ Bxf5 25. Qxf5+ Kg7 26. Qg5+ Kh7
27. Rae1 1-0

[Event "IX Festival A"]
[Site "Montecatini Terme ITA"]
[Date "2000.08.06"]
[Round "9"]
[White "Drei, Andrea"]
[Black "Wustefeld, Carl"]
[Result "0-1"]
[WhiteElo "2350"]
[BlackElo "2214"]
[PlyCount "58"]
[EventDate "2000.07.29"]

1. e4 g6 2. d4 Bg7 3. Nc3 d6 4. Be3 Nf6 5. Nf3 O-O 6. h3 c6 7. a4 Nbd7 8. a5 d5
9. e5 Ne8 10. h4 f6 11. h5 fxe5 12. hxg6 hxg6 13. Bd3 Rf6 14. dxe5 Rxf3 15.
gxf3 Nxe5 16. Bd4 Nxd3+ 17. Qxd3 e5 18. Bc5 Bf5 19. Qe2 Nc7 20. Ne4 Ne6 21. Qe3
dxe4 22. fxe4 Nf4 23. Qb3+ Be6 24. Qxb7 Rb8 25. Qxc6 Rc8 26. Qb5 Qg5 27. Ra3
Qg2 28. Rf1 Qxe4+ 29. Re3 Qxc2 0-1

[Event "IX Festival A"]
[Site "Montecatini Terme ITA"]
[Date "2000.08.06"]
[Round "9"]
[White "Facchetti, Gianni"]
[Black "Mola, Pietro"]
[Result "0-1"]
[WhiteElo "2154"]
[BlackElo "2250"]
[PlyCount "122"]
[EventDate "2000.07.29"]

1. e4 c5 2. Nf3 d6 3. d4 cxd4 4. Qxd4 Nc6 5. Bb5 Qd7 6. Qa4 a6 7. O-O Rb8 8.
Bxc6 Qxc6 9. Qxc6+ bxc6 10. b3 e5 11. c4 c5 12. Nc3 Bb7 13. Nd2 Ne7 14. Nd5 Ng6
15. Bb2 Be7 16. Nxe7 Nxe7 17. Bc3 Nc6 18. f3 Ke7 19. Rfd1 Rhf8 20. Nf1 Nd4 21.
Bxd4 exd4 22. g4 Bc6 23. Nd2 a5 24. a4 Kd7 25. Kf2 g6 26. g5 f5 27. gxf6 Rxf6
28. Rg1 Re8 29. Ke2 Re5 30. Rg3 Ke7 31. Kd3 Rf4 32. Rg4 Rxg4 33. fxg4 h5 34.
Rg1 Kf6 35. h4 Kg7 36. g5 Re7 37. Re1 Kf8 38. Re2 Ke8 39. Re1 Bd7 40. Re2 Bg4
41. Re1 Rf7 42. Kc2 Ke7 43. Kc1 Ke6 44. Kc2 Ke5 45. Kd3 Rf4 46. Kc2 Rf2 47. Kd3
Rh2 48. b4 axb4 49. a5 Rh3+ 50. Kc2 Ra3 51. Rf1 Rxa5 52. Rf7 Ra2+ 53. Kc1 Ra3
54. Kc2 Rc3+ 55. Kb2 d3 56. Re7+ Kd4 57. Nb1 Kxc4 58. Re8 Rc2+ 59. Ka1 Kb3 60.
Ra8 d2 61. e5 d1=Q 0-1

[Event "IX Festival A"]
[Site "Montecatini Terme ITA"]
[Date "2000.08.06"]
[Round "9"]
[White "Farago, Ivan"]
[Black "Jovanic, Ognjen"]
[Result "1-0"]
[WhiteElo "2486"]
[BlackElo "2313"]
[PlyCount "75"]
[EventDate "2000.07.29"]

1. d4 Nf6 2. c4 c5 3. d5 g6 4. Nc3 Bg7 5. e4 d6 6. h3 O-O 7. Nf3 e5 8. Bg5 h6
9. Be3 Nbd7 10. Qd2 Kh7 11. Bd3 a6 12. g4 Ne8 13. a3 b6 14. Rb1 Qf6 15. Be2 Qe7
16. Bd3 Rb8 17. Kf1 Rb7 18. Kg2 f6 19. Ng1 Rf7 20. Nge2 Nf8 21. Ng3 Qd8 22. f3
g5 23. h4 Kg8 24. h5 Nd7 25. b4 Bf8 26. Rb2 Nc7 27. Rhb1 Na8 28. Bc2 Nb8 29.
Ba4 Bd7 30. bxc5 dxc5 31. Nf5 Qc8 32. Bc2 Bxf5 33. exf5 Rfd7 34. Ne4 Kf7 35.
Ba4 Bd6 36. Bxd7 Rxd7 37. Rxb6 Nxb6 38. Rxb6 1-0

[Event "IX Festival A"]
[Site "Montecatini Terme ITA"]
[Date "2000.08.06"]
[Round "9"]
[White "Guido, Flavio"]
[Black "Van der Werf, Mark"]
[Result "0-1"]
[WhiteElo "2303"]
[BlackElo "2429"]
[PlyCount "56"]
[EventDate "2000.07.29"]

1. e4 c5 2. c3 d5 3. exd5 Qxd5 4. d4 Nf6 5. Nf3 Bg4 6. dxc5 Qxc5 7. Na3 Nbd7 8.
Be3 Qc8 9. h3 Bh5 10. Nc4 Qc7 11. Qa4 Bxf3 12. gxf3 g6 13. Nb6 Rd8 14. Qxa7 Bg7
15. Be2 O-O 16. O-O Ne5 17. Rfd1 Qc6 18. Kg2 g5 19. Qa4 Qe6 20. Rxd8 Rxd8 21.
Rd1 Rxd1 22. Qxd1 Ng6 23. Qd8+ Bf8 24. Qc8 Qe5 25. Qxb7 Nh4+ 26. Kg1 Qf5 27.
Qc8 e6 28. Bd4 Qxh3 0-1

[Event "IX Festival A"]
[Site "Montecatini Terme ITA"]
[Date "2000.08.06"]
[Round "9"]
[White "Klip, Hans"]
[Black "Belotti, Bruno"]
[Result "0-1"]
[WhiteElo "2322"]
[BlackElo "2417"]
[PlyCount "80"]
[EventDate "2000.07.29"]

1. e4 c5 2. Nf3 e6 3. b3 Nc6 4. Bb2 d5 5. exd5 exd5 6. Bb5 Nf6 7. Qe2+ Qe7 8.
Ne5 Bd7 9. Bxc6 Bxc6 10. Nxc6 bxc6 11. Bxf6 Qxe2+ 12. Kxe2 gxf6 13. Nc3 Bd6 14.
Na4 Rb8 15. Rac1 c4 16. d3 Kd7 17. dxc4 Rhe8+ 18. Kd3 dxc4+ 19. Kxc4 Rb4+ 20.
Kd3 Rf4 21. Rcf1 c5 22. c3 Kc6 23. Nb2 Rf5 24. Re1 Rg8 25. g3 Rxf2 26. Re2 Rf3+
27. Kc2 Be5 28. Nd3 Bd6 29. Rhe1 h5 30. Re4 Rg4 31. Re8 h4 32. Rc8+ Kb7 33. Rd8
Kc7 34. Ree8 hxg3 35. hxg3 Rgxg3 36. Rc8+ Kb7 37. Nxc5+ Bxc5 38. Rxc5 Rf2+ 39.
Kd1 Rxa2 40. Re1 Rgg2 0-1

[Event "IX Festival A"]
[Site "Montecatini Terme ITA"]
[Date "2000.08.06"]
[Round "9"]
[White "Lanzani, Mario"]
[Black "Grigore, George-Gabriel"]
[Result "0-1"]
[WhiteElo "2419"]
[BlackElo "2508"]
[PlyCount "108"]
[EventDate "2000.07.29"]

1. e4 c5 2. Nf3 Nc6 3. d4 cxd4 4. Nxd4 e5 5. Nb5 d6 6. N1c3 a6 7. Na3 Be6 8.
Nc4 b5 9. Ne3 Nf6 10. Bd3 g6 11. O-O Bg7 12. Ncd5 O-O 13. c4 Rb8 14. b3 Nd7 15.
cxb5 axb5 16. Bb2 Ne7 17. Bc2 Nf6 18. Nxf6+ Bxf6 19. Qf3 Bg7 20. Rfd1 Qb6 21.
b4 f5 22. Bb3 Bxb3 23. axb3 fxe4 24. Qxe4 Rf4 25. Qd3 Rd8 26. g3 Rf7 27. Ra5 e4
28. Qe2 Bxb2 29. Qxb2 d5 30. Qe5 Qc6 31. Ra7 Qd6 32. Qxd6 Rxd6 33. Rb7 d4 34.
Ng4 Nf5 35. Rxb5 Re7 36. Ne5 d3 37. Nc4 Rd8 38. Ne3 Nd4 39. Rb6 Nf5 40. Nxf5
gxf5 41. Rb5 Rf8 42. Kf1 Kg7 43. Ke1 Kg6 44. Rc1 Kg5 45. Kd2 Kg4 46. Rcc5 f4
47. gxf4 Rxf4 48. Ke1 Rg7 49. Rh5 Kf3 50. Rh3+ Kg2 51. Re3 Rxf2 52. Rxe4 d2+
53. Kd1 Rd7 54. Rg4+ Kh1 0-1

[Event "IX Festival A"]
[Site "Montecatini Terme ITA"]
[Date "2000.08.06"]
[Round "9"]
[White "Skembris, Spyridon"]
[Black "Voltolini, Giuseppe"]
[Result "1-0"]
[WhiteElo "2475"]
[BlackElo "2279"]
[PlyCount "121"]
[EventDate "2000.07.29"]

1. d4 Nf6 2. c4 g6 3. Nc3 Bg7 4. e4 d6 5. Bd3 O-O 6. Nge2 c5 7. d5 e6 8. O-O
exd5 9. cxd5 a6 10. a4 Nbd7 11. Rb1 Qc7 12. b4 cxb4 13. Rxb4 Nc5 14. Be3 Qa5
15. Bxc5 Qxc5 16. Rc4 Qa5 17. Nd4 Ng4 18. Nb3 Qd8 19. Be2 Ne5 20. Rb4 a5 21.
Rd4 Bd7 22. Nb5 Bxb5 23. Bxb5 Rc8 24. Qe1 Qh4 25. Rd1 Nf3+ 26. gxf3 Be5 27. f4
Qg4+ 28. Kh1 Qf3+ 29. Kg1 Qxf4 30. Kg2 Qg4+ 31. Kh1 Qf3+ 32. Kg1 Qxb3 33. f4
Bc3 34. Qg3 Qb2 35. Qd3 Bg7 36. Rf2 Qf6 37. e5 dxe5 38. d6 exf4 39. d7 Rcd8 40.
Qe4 Qe5 41. Rxf4 Qxe4 42. Rxe4 Bf6 43. Rc1 Rb8 44. Re8 Rd8 45. Rc7 b6 46. Kg2
Kg7 47. Rc8 h5 48. Kf3 Bg5 49. Rc7 Bf6 50. Ke4 Bh4 51. Rc8 Kg8 52. Rcxd8 Bxd8
53. Kd5 Kg7 54. Kd6 g5 55. Rxd8 Rxd8 56. Ke7 Rf8 57. d8=Q Rxd8 58. Kxd8 g4 59.
Kc7 f5 60. Kxb6 Kf6 61. Kxa5 1-0

[Event "IX Festival A"]
[Site "Montecatini Terme ITA"]
[Date "2000.08.06"]
[Round "9"]
[White "Wall, Gavin"]
[Black "Mauro, Alan"]
[Result "1-0"]
[WhiteElo "2384"]
[BlackElo "2214"]
[PlyCount "81"]
[EventDate "2000.07.29"]

1. e4 c5 2. Nf3 Nc6 3. Bb5 g6 4. O-O Bg7 5. Re1 e5 6. c3 Nge7 7. b4 cxb4 8.
cxb4 O-O 9. Bb2 d6 10. a3 Qb6 11. Bc4 Bg4 12. h3 Bxf3 13. Qxf3 Rac8 14. d3 Kh8
15. Qe3 Qd8 16. Nd2 Nd4 17. Bxd4 exd4 18. Qg5 a6 19. a4 h6 20. Qh4 g5 21. Qh5
Ng6 22. g3 Qf6 23. Nf3 Rc7 24. Kg2 Rfc8 25. b5 axb5 26. axb5 Rc5 27. Qg4 Kh7
28. Ra7 R8c7 29. b6 Re7 30. Rb1 d5 31. Bxd5 Rc2 32. Rxb7 Rxb7 33. Bxb7 Ne5 34.
Qf5+ Qxf5 35. exf5 g4 36. hxg4 Nxg4 37. Bd5 Nxf2 38. b7 Ne4+ 39. Kg1 Nxg3 40.
b8=Q Ne2+ 41. Kf1 1-0